Evaluación : como preparar pruebas objetivas parra 6to. y 7mo. grado.
Guardado en:
| Formato: | Libro |
|---|---|
| Publicado: |
Buenos Aires :
Kapelusz,
1970
|
| Series: | Cuadernos Pedagógicos ;
10 |
| Materias: | |
| Etiquetas: |
Agregar Etiqueta
Sin Etiquetas, Sea el primero en etiquetar este registro!
|
| LEADER | 00749nam a22001935a 4500 | ||
|---|---|---|---|
| 001 | CEM.cems000050 | ||
| 008 | 130507s1970##################000#0#####d | ||
| 005 | 20210516171102.0 | ||
| 003 | CEMS | ||
| 245 | 0 | 0 | |a Evaluación : |b como preparar pruebas objetivas parra 6to. y 7mo. grado. |
| 260 | |a Buenos Aires : |b Kapelusz, |c 1970 | ||
| 300 | |a 48 p. | ||
| 490 | 0 | |a Cuadernos Pedagógicos ; |v 10 | |
| 505 | 0 | |a Evalución del rendimiento escolar -- Los objetivos y la evaluación -- Funciones de la evaluación -- Situación contemporánea de la evaluación -- Clasificación de las pruebas | |
| 082 | 0 | 4 | |a 371.26 |
| 653 | |a Educación | ||
| 653 | |a Educación primaria | ||
| 653 | |a Evaluación escolar | ||
| 859 | |a CEMS |b BIB. CEMS - 11 de abril |h 371.26 |i Ev13 |p 6793.79 |t Ej.1 | ||
